Democracy and complexity :a realist approach / (Record no. 3426)

000 -LEADER
fixed length control field 01214cam a2200313 a 4500
001 - CONTROL NUMBER
control field 1559019
003 - CONTROL NUMBER IDENTIFIER
control field OSt
005 - DATE AND TIME OF LATEST TRANSACTION
control field 20161006120744.0
008 - FIXED-LENGTH DATA ELEMENTS--GENERAL INFORMATION
fixed length control field 920326s1992 pau b s001 0 eng
010 ## - LIBRARY OF CONGRESS CONTROL NUMBER
LC control number 92010234
020 ## - INTERNATIONAL STANDARD BOOK NUMBER
International Standard Book Number 027100892X (paper : acidfree paper)
020 ## - INTERNATIONAL STANDARD BOOK NUMBER
International Standard Book Number 0271008911 (cloth : acidfree paper)
040 ## - CATALOGING SOURCE
Original cataloging agency DLC
Transcribing agency DLC
Modifying agency DLC
041 1# - LANGUAGE CODE
Language code of text/sound track or separate title eng
Language code of original and/or intermediate translations of text ita
050 00 - LIBRARY OF CONGRESS CALL NUMBER
Classification number JC423.Z6713 1992
082 00 - DEWEY DECIMAL CLASSIFICATION NUMBER
Classification number 321.8
Edition number 20
100 1# - MAIN ENTRY--PERSONAL NAME
Personal name Zolo, Danilo.
240 10 - UNIFORM TITLE
Uniform title <a href="Complessità e democrazia.">Complessità e democrazia.</a>
Language of a work English
245 10 - TITLE STATEMENT
Title Democracy and complexity :a realist approach /
Statement of responsibility, etc Danilo Zolo ; translated from the Italian by David McKie.
260 ## - PUBLICATION, DISTRIBUTION, ETC. (IMPRINT)
Place of publication, distribution, etc University Park, Pa. :
Name of publisher, distributor, etc Pennsylvania State University Press,
Date of publication, distribution, etc 1992.
300 ## - PHYSICAL DESCRIPTION
Extent xii, 202 p. ;
Dimensions 23 cm.
500 ## - GENERAL NOTE
General note Translation of: Complessità e democrazia.
504 ## - BIBLIOGRAPHY, ETC. NOTE
Bibliography, etc Includes bibliographical references (p. [185]-197) and index.
650 #0 - SUBJECT ADDED ENTRY--TOPICAL TERM
Topical term or geographic name as entry element Democracy.
650 #0 - SUBJECT ADDED ENTRY--TOPICAL TERM
Topical term or geographic name as entry element Political sociology.
906 ## - LOCAL DATA ELEMENT F, LDF (RLIN)
a 7
b cbc
c orignew
d 1
e ocip
f 19
g y-gencatlg
942 ## - ADDED ENTRY ELEMENTS (KOHA)
Source of classification or shelving scheme
Koha item type Book
Holdings
Withdrawn status Lost status Source of classification or shelving scheme Damaged status Not for loan Home library Current library Shelving location Date acquired Total Checkouts Full call number Barcode Date last seen Date checked out Copy number Price effective from Koha item type
          Riara University Library Riara University Library General stack 06/10/2016 3 JC423.Z6713 1992 7268/16 29/03/2018 21/02/2018 C.1 06/10/2016 Book

Riara University Library,
P.O. Box 49940-00100,
Nairobi, Kenya.